Tilastot visalle Venäjän suurimmat kaupungit väkiluvun mukaan

Klikkaa tästä pelataksesi tätä visaa!

Yleistilastot

  • Tätä visaa on pelattu 91 kertaa
    (26 viimeisimmän päivityksen jälkeen)
  • Keskiarvotulos 10 / 50

Vastaustilastot

SijoitusKaupunki% Oikein
1Moskova
100%
2Pietari
96%
26Vladivostok
50%
6Kazan
46%
9Samara
46%
5Nizni Novgorod
42%
47Sotši
38%
4Jekaterinburg
35%
11Ufa
35%
40Kaliningrad
31%
3Novosibirsk
31%
13Perm
31%
8Omsk
31%
7Tseljabinsk
27%
23Irkutsk
27%
12Krasnojarsk
23%
15Volgograd
23%
24Habarovsk
23%
28Tomsk
19%
16Krasnodar
19%
25Jaroslavl
15%
18Tjumen
15%
14Voronez
15%
10Rostov-na-Donu
15%
45Tver
15%
21Barnaul
12%
33Astrahan
12%
17Saratov
12%
29Orenburg
12%
44Ulan-Ude
8%
42Kursk
8%
35Penza
8%
39Tula
8%
32Rjazan
8%
46Magnitogorsk
8%
19Toljatti
8%
49Brjansk
4%
43Stavropol
4%
48Ivanovo
4%
27Mahatskala
4%
31Novokuznetsk
4%
41Balašiha
0%
38Tseboksary
0%
37Kirov
0%
36Lipetsk
0%
34Naberetsnyje Tselny
0%
30Kemerovo
0%
22Uljanovsk
0%
20Izevsk
0%
50Belgorod
0%

Tulosjakauma

Persentiili vastausten määrän mukaan

Jokaisen tuloksen saaneiden osuus

Tuloshistoriasi

Et ole pelannut tätä visaa sen viimeisimmän päivityksen jälkeen